000 00342 a2200157 4500
001 59841
020 _a9788576794547
040 _cAnchieta - Pituba
100 _aKloepfer, John
240 1 0 _aCaçadores de zumbis
_lpor
245 1 0 _aCaçadores de zumbis
300 _a214
362 0 _a2011
650 4 _aLiteratura juvenil
942 _cBK
999 _c59841
_d59841